000 00535nam a22001817a 4500
005 20251108172249.0
008 250721s1996 xx 000 0 ara d
082 1 4 _a613.2/عاي
100 1 _aالرواجبة، عايدة أحمد
245 1 0 _aالرشاقة بين الرجيم و السمنة /
264 1 _aعمان :
_bدار الإسراء للنشر،
_c1996.
300 _a96ص
650 1 7 _aاللياقة البدنية
650 1 7 _aالرشاقة
650 1 7 _aالرجيم
942 _2ddc
_cBK
999 _c74568
_d74568